000 00368nam a2200157Ia 4500
008 230524s9999 xx 000 0 und d
082 _a681
_bJAI
100 _aR.K. Jain
245 0 _aEngineering Metrology
250 _a19
260 _aNew Delhi
_bKhanna Pub
_c2014
300 _a"1;1236p,"
500 _aQuantity Number: 5
650 _aMechanics
942 _cBK
999 _c54350
_d54350